Nityopasana (Record no. 363964)
[ view plain ]
| 000 -LEADER | |
|---|---|
| fixed length control field | 005240000a22001570004500 |
| 005 - DATE AND TIME OF LATEST TRANSACTION | |
| control field | 20120302065127.0 |
| 040 ## - CATALOGING SOURCE | |
| Original cataloging agency | Mar |
| 100 ## - MAIN ENTRY--PERSONAL NAME | |
| Personal name | Swarge, Bhau |
| 245 ## - TITLE STATEMENT | |
| Title | Nityopasana |
| 250 ## - EDITION STATEMENT | |
| Edition statement | 4 |
| 260 ## - PUBLICATION, DISTRIBUTION, ETC. (IMPRINT) | |
| Place of publication, distribution, etc | Nasik:Shreerang Avadhoot Shaikshanik va Sanskrutik Sanstha, 1994 |
| 300 ## - PHYSICAL DESCRIPTION | |
| Extent | 224p..-ill |
| 365 ## - TRADE PRICE | |
| Price amount | 25/- |
| 650 ## - SUBJECT ADDED ENTRY--TOPICAL TERM | |
| Topical term or geographic name as entry element | Atharvasheersha (Artha), Purushasukta (Artha), Streesukta (Artha), Datta bavani (Artha), Ovya, Shlok, Rangavadhoot maharaj, Nareshwar, Bhupalya, Arti, Rang Bavani, Sankeerna |
| 942 ## - ADDED ENTRY ELEMENTS (KOHA) | |
| Koha item type | Book |
| Withdrawn status | Lost status | Damaged status | Not for loan | Home library | Current library | Date acquired | Total Checkouts | Barcode | Date last seen | Price effective from |
|---|---|---|---|---|---|---|---|---|---|---|
| Institute For Oriental Study, Thane | Institute For Oriental Study, Thane | 12/02/2009 | IOS-M 25019 | 12/02/2009 | 12/02/2009 |